000 00692nam a2200229 i 4500
001 bg
100 1 _aStecyk, Adam.
245 0 0 _aAbc eLearningu :
_bsystem LAMS - learaning activity management system /
_cAdam Stecyk.
260 _aWarszawa :
_bCentrum Doradztwa i Informacji Difin,
_c2008.
300 _a190 s. :
_bil. ;
_c23 cm.
650 9 _aLAMS
655 _aPodręczniki
020 _a9788372518798
040 _cBPK
041 0 _apol
044 _aPOL
080 _a004.42:37.018.43](07)
920 _a978-83-7251-879-8
942 _cKS
008 s pl f |000 0 pol
999 _c55239
_d55239
856 _uhttp://koha.tu.koszalin.pl/cgi-bin/koha/opac-detail.pl?biblionumber=55239
_yKatalog online BPK